Statistics for Sword Art Online Trivia Quiz

Click here to take the quiz!

General Stats

  • This quiz has been taken 1,044 times
  • The average score is 5 of 15

Answer Stats

HintAnswer% Correct
Silica's DragonPina
67%
The Sword Art Online server started in what year2022
65%
What episode did Kirito first meet The Gleam Eyes8
64%
Kirito was known as the _ _ in AincradBlack Swordsman
57%
Name of the demonic monster dropElucidator
47%
Name of the sword made for KiritoDark Repulser
45%
The system that monitored AincradCardinal
44%
The status given to objects and buildingsImmortal Object
31%
The company that made Sword Art OnlineArgus
23%
Fastest S-Class monster in gameRagout Rabbit
22%
Name of Asuna's sword that defeated HeathcliffLambent Light
20%
Name of the guild destroyed by Titan's HandSilver Flags
8%
Name of the floor with the biggest city in AincradAlgade
4%
Aincrad's full nameAn Incarnating Radius
4%
Name of the item that displays a mapMirage Sphere
4%

Score Distribution

Percentile by Number Answered

Percent of People with Each Score

Your Score History

You have not taken this quiz